000 00624nam a2200277Ia 4500
008 160321s9999||||xx |||||||||||||| ||und||
040 _cEnglish
082 _aXVN/AIOC
082 _bBORI-65849
100 _aA. S. Altekar
245 _aSummaries Of Papers
260 _c1943
300 _aXI+175
300 _cB
300 _ePaperback
530 _bAvasare
530 _u00105796.PDF
563 _aReference
600 _aA. S. Altekar
630 _aSummaries Of Papers
650 _aReference
650 _aReports
700 _aA. S. Altekar
730 _aSummaries Of Papers
942 _cBOOK
999 _c1367688
_d1367685